000 00426nam a2200181Ia 4500
005 20240415101949.0
008 131103s9999 xx 000 0 und d
040 _aLoreto College
041 _aEnglish
082 _a425
_bJUN
245 2 _aA junior english composition
260 _a[s.l.]
_b[s.n.]
_c1948
300 _a277p.
504 _aIncludes index
650 _aEnglish grammar
850 _aLCBED
942 _cBK
999 _c27922
_d78401